PHARMACOLOGY FOR MEDICAL GRADUATES (Record no. 23766)

MARC details
000 -LEADER
fixed length control field 00408nam a22001697a 4500
003 - CONTROL NUMBER IDENTIFIER
control field SGT
020 ## - INTERNATIONAL STANDARD BOOK NUMBER
International Standard Book Number 9788131264959
082 ## - DEWEY DECIMAL CLASSIFICATION NUMBER
Classification number 615
Item number P22S
100 ## - MAIN ENTRY--PERSONAL NAME
Personal name SHANBHAG, TARA V.
245 ## - TITLE STATEMENT
Title PHARMACOLOGY FOR MEDICAL GRADUATES
250 ## - EDITION STATEMENT
Edition statement 5TH
260 ## - PUBLICATION, DISTRIBUTION, ETC. (IMPRINT)
Place of publication, distribution, etc INDIA
Name of publisher, distributor, etc ELSEVIER PUB
Year of Publication 2022
300 ## - PAGE DESCRIPTION
No. of Pages 540
650 ## - SUBJECT ADDED ENTRY--TOPICAL TERM
Topical term or geographic name as entry element PHARMACOLOGY
653 ## - KEYWORDS--INDEX TERM
Keyword term PHARMACOLOGY FOR MEDICAL GRADUATES
942 ## - ADDED ENTRY ELEMENTS (KOHA)
Source of classification or shelving scheme Dewey Decimal Classification
Koha item type Books
942 ## - ADDED ENTRY ELEMENTS (KOHA)
-- 396
Holdings
Withdrawn status Lost status Source of classification or shelving scheme Damaged status Not for loan Collection code Home library Current library Shelving location Date acquired Vendor Name Cost, normal purchase price SGTU Bill Number Total Checkouts Total Renewals Full call number Accession No. (Barcode) Date last seen Date last borrowed Bill Date Koha item type Checked out
    Dewey Decimal Classification     MEDICAL SGT Medical Library SGT Medical Library Text Book 07/02/2023 ABC DELHI 985.00 SGTU 15633 64 2 615 P22S FM13691 25/05/2026 19/05/2026   Books  
    Dewey Decimal Classification     MEDICAL SGT Medical Library SGT Medical Library Text Book 07/02/2023 ABC DELHI 985.00 SGTU 15633 69 1 615 P22S FM13692 03/06/2026 26/05/2026   Books  
    Dewey Decimal Classification     MEDICAL SGT Medical Library SGT Medical Library Text Book 07/02/2023 ABC DELHI 985.00 SGTU 15633 13   615 P22S FM13693 28/05/2026 28/05/2026   Books 11/06/2026
    Dewey Decimal Classification     MEDICAL SGT Medical Library SGT Medical Library Text Book 07/02/2023 ABC DELHI 985.00 SGTU 15633 13   615 P22S FM13694 08/01/2025 26/12/2024   Books  
    Dewey Decimal Classification     MEDICAL SGT Medical Library SGT Medical Library Text Book 07/02/2023 ABC DELHI 985.00 SGTU 15633 53   615 P22S FM13695 11/07/2025 11/07/2025   Books 05/08/2025
    Dewey Decimal Classification     MEDICAL SGT Medical Library SGT Medical Library Text Book 07/02/2023 ABC DELHI 985.00 SGTU 15633 63   615 P22S FM13696 03/06/2026 01/06/2026   Books  
    Dewey Decimal Classification     MEDICAL SGT Medical Library SGT Medical Library Text Book 07/02/2023 ABC DELHI 985.00 SGTU 15633 66   615 P22S FM13697 02/06/2026 01/05/2026   Books  
    Dewey Decimal Classification     MEDICAL SGT Medical Library SGT Medical Library Text Book 07/02/2023 ABC DELHI 985.00 SGTU 15633 49 1 615 P22S FM13698 04/06/2026 27/05/2026   Books  
    Dewey Decimal Classification     MEDICAL SGT Medical Library SGT Medical Library Text Book 07/02/2023 ABC DELHI 985.00 SGTU 15633 66   615 P22S FM13699 23/05/2026 23/05/2026   Books  
    Dewey Decimal Classification     MEDICAL SGT Medical Library SGT Medical Library Text Book 07/02/2023 ABC DELHI 985.00 SGTU 15633 62 1 615 P22S FM13700 26/05/2026 14/05/2026   Books